000 00349nam a2200145Ia 4500
008 150201s1998 xx 000 0 und d
082 _a612
_bI98M
100 _aMACKENNA,B.R.
245 _aILLUSTRATED PHYSIOLOGY
250 _a6TH
260 _bCHURCHILL LIVINGSTONE
_aEDINBURGH
_c1998
300 _a1-338
650 _aPHYSIOLOGY
942 _2ddc
_cBK
999 _c2488
_d2488